00409nam a2200169Ia 4500008004100000020001800041245003500059245002700094260001500121260001600136260000900152300001600161300002500177300001000202500000800212999001900220170705s9999 xx 000 0 und d a9780439683562 aLily B. on the brink of cool / cElizabeth Cody Kimmel. aNew York : bScholastic, c2003 a245 pages : bcolor illustration ; c19cm. a880 c336427d336427